Zvýšenie minimálnej mzdy a jej vplyv v sociálnej oblasti

Súčasná platná právna úprava minimálnej mzdy v Slovenskej republike. Vplyv minimálnej mzdy. Nároky zamestnancov vyplývajúce zo Zákonníka práce. Najnižší vymeriavací základ. Dávky nemocenského poistenia. Dávky dôchodkového zabezpečenia.

Guardado en:
Detalles Bibliográficos
Autor principal: Macková, Zuzana
Formato: Capítulo de libro
Lenguaje:eslovaco
Materias:
Etiquetas: Agregar Etiqueta
Sin Etiquetas, Sea el primero en etiquetar este registro!

MARC

LEADER 00000naa$a2200000$$$4500
001 0004304
005 20231002091021.3
041 0 |a slo 
044 |a SK 
245 1 0 |a Zvýšenie minimálnej mzdy a jej vplyv v sociálnej oblasti  |c aut. Zuzana Macková 
520 |a Súčasná platná právna úprava minimálnej mzdy v Slovenskej republike. Vplyv minimálnej mzdy. Nároky zamestnancov vyplývajúce zo Zákonníka práce. Najnižší vymeriavací základ. Dávky nemocenského poistenia. Dávky dôchodkového zabezpečenia. 
610 2 0 |a Slovensko 
610 2 0 |a mzdy minimálne 
610 2 0 |a úpravy právne 
610 2 0 |a zvýhodnenie mzdové 
610 2 0 |a základ vymeriavací 
610 2 0 |a dávky poistenia nemocenského 
610 2 0 |a dávky zabezpečenia dôchodkového 
610 2 0 |a mzdy minimálne 
610 2 0 |a úpravy právne 
100 1 |a Macková, Zuzana